How to refurbish occupied buildings (Record no. 4681)
[ view plain ]
| 000 -LEADER | |
|---|---|
| fixed length control field | 01125cab a2200205 4500 |
| 001 - CONTROL NUMBER | |
| control field | ABS37934 |
| 008 - FIXED-LENGTH DATA ELEMENTS--GENERAL INFORMATION | |
| fixed length control field | 090401t1987 xxu||||| |||| 00| 0 eng d |
| 035 ## - SYSTEM CONTROL NUMBER | |
| System control number | (Sirsi) u7694 |
| 041 ## - LANGUAGE CODE | |
| Language code of text/sound track or separate title | eng |
| 100 ## - MAIN ENTRY--PERSONAL NAME | |
| Personal name | Summers, A.P. |
| 245 ## - TITLE STATEMENT | |
| Title | How to refurbish occupied buildings |
| 260 ## - PUBLICATION, DISTRIBUTION, ETC. | |
| Date of publication, distribution, etc. | 1987 |
| 350 ## - PRICE (NR) (BK AM CF MU VM SE) [OBSOLETE] | |
| Price | 0 |
| 490 ## - SERIES STATEMENT | |
| Series statement | Building Technology & Management |
| Volume/sequential designation | 25(4) August/September 1987, 34-35(2) |
| 520 ## - SUMMARY, ETC. | |
| Summary, etc. | A report of the findings of an investigation carried out by the Construction Study Unit at Brunel University, which looked at the problems encountered when refurbishing in occupied premises. The CSU conducted a series of structured interviews with 11 contractors and produced three case studies of refurbishment s by one medium-sized contractor (two in occupied premises and one in an empty building). The CSU concluded that the major problems encountered were protection, management, supervision and noise and that good liaison between contractor and occupant is the prime requirement for a successful project. |
| 690 ## - LOCAL SUBJECT ADDED ENTRY--TOPICAL TERM (OCLC, RLIN) | |
| Topical term or geographic name as entry element | Refurbishment |
| 9 (RLIN) | 6264 |
| 700 ## - ADDED ENTRY--PERSONAL NAME | |
| Personal name | Fellows, R.F. |
| 942 ## - ADDED ENTRY ELEMENTS (KOHA) | |
| Suppress in OPAC | 0 |
| 948 ## - LOCAL PROCESSING INFORMATION (OCLC); SERIES PART DESIGNATOR (RLIN) | |
| c (OCLC) | 04/03/1997 |
| Withdrawn status | Lost status | Source of classification or shelving scheme | Damaged status | Not for loan | Home library | Current library | Shelving location | Date acquired | Total Checkouts | Full call number | Barcode | Date last seen | Copy number | Price effective from | Koha item type |
|---|---|---|---|---|---|---|---|---|---|---|---|---|---|---|---|
| Dewey Decimal Classification | London | London | Journal article | 14/09/1999 | ABS37934 | 7694-1001 | 06/08/2019 | 1 | 06/08/2019 | Journal article |